Applications of fuzzy sets to systems analysis

Salvato in:
Dettagli Bibliografici
Autore principale: Negoittä, C.V
Altri autori: Ralescu, D.A
Natura: Libro
Lingua:inglese
Pubblicazione: Basel Birkhäuser 1975
Tags: Aggiungi Tag
Nessun Tag, puoi essere il primo ad aggiungerne!!

MARC

LEADER 00000nam a2200000 4500
001 c109331
005 20041019155143.8
041 0 |a eng 
044 |a CH 
245 1 0 |a Applications of fuzzy sets to systems analysis  |c C.V. Negoittä, D.A. Ralescu 
264 1 |a Basel  |b Birkhäuser  |c 1975 
300 |a 186 s. 
100 1 |a Negoittä, C.V. 
700 1 |a Ralescu, D.A.